01635cam a2200337 a 450000500170000000800410001702000150005804100080007310000220008124500600010325002730016326000510043630000170048750001240050465300350062865300600066365300140072365300180073765300380075565300670079365300180086065300820087865300610096065300420102165300610106365300340112465300490115865300390120765300330124670000180127920240610090258.0100809s2001||||sp a f |||| 001 0 spa d a8448603222 aspa1 aGuyton, Arthur C. aTratado de Fisiología Médica / cArthur C. Guyton. a10a ed. versión en español de la 10a ed. de la obra en inglésbTraducción José Luis Agud Aparicio; Isabel Alvarez Baleriola; Consuelo de Dios Perrino; Luis González Trigueros; Santiago Madero García; Ignacio Navasgues Benlloch; Elena de Terán Bleiberg. aMéxico: bMcGraw-Hill Interamericana;c2001. a1280 p.bil. aGuyton, A. C. y Hall, J. E. (2001). Tratado de Fisiología Médica. (10a ed.). México : McGraw-Hill Interamericana. aFisiología general y celular aFisiología de la membrana, del nervio y del músculo aCorazón aCirculación aRiñones y líquidos corporales aCélulas sanguíneas, inmunidad y coagulación de la sangre aRespiración aFisiología de la aviación, el espacio y la inmersión a gran profundidad aSistema nervioso: generalidades y fisiología sensitiva aSistema nervioso: sentidos especiales aSistema nervioso: neurofisiología motora e integradora aFisiología gastrointestinal aMetabolismo y regulación de la temperatura aEndrocrinología y reproducción aFisiología de los deportes1 aHall, John E.